000 00530cas a22001694i 4500
999 _c60721
_d60721
001 768714001
003 CO-MdFUSB
005 20180414100026.0
008 180414s2005 cr ||||| |||| 00| 0 spa d
040 _aCO-MdFUSB
_bspa
_cCO-MdFUSB
_dCO-MdFUSB
041 _aspa
100 1 _aUreña, Dawlin A.
_eautor
245 1 0 _aPregunta sobre el aborto
300 _aVolumen 7. Número 1 (2005), páginas 9-10
_c: 28 cm.
773 0 _tConquista Cristiana
_049446
_960351
_gVolumen 7. Número 1 (2005), páginas 9-10
_qpágina 9
942 _cANA